| 000 | 01066cam a2200289Ma 4500 | ||
|---|---|---|---|
| 001 | 50568 | ||
| 005 | 20230410105241.0 | ||
| 008 | 960222s1984 ly 000 0 por d | ||
| 035 | _a(OCoLC)ocm34914831 | ||
| 040 |
_aHLS _cHLS _dOCL |
||
| 035 | _a(OCoLC)34914831 | ||
| 041 | 1 |
_apor _hfre |
|
| 043 | _ad------ | ||
| 050 | 1 | 4 |
_aDT236.Q24443 _bI5818 1983x |
| 111 | 2 |
_aInternational Symposium on the Thought of Muammar Al-Gathafi, "The Green Book" _n(1st : _d1983 : _cBanghazi, Libya) |
|
| 240 | 1 | 0 |
_aProblemes politiques. _lPortuguese |
| 245 | 1 | 0 | _aProblemas políticos. |
| 250 | _a1ra. ed. | ||
| 260 |
_aTripolis : _bCentro Internacional de Estudos e de Investigacoes sobre o Libro Verde, _c1984. |
||
| 300 |
_a84 p. ; _c24 cm. |
||
| 600 | 1 | 0 |
_aQaddafi, Muammar. _tKitab al-akhòdar _vCongresses. |
| 600 | 1 | 0 |
_aQaddafi, Muammar _xPolitical and social views _vCongresses. |
| 651 | 0 |
_aDeveloping countries _xPolitics and government _vCongresses. |
|
| 710 | 2 | _aWorld Center for Researches and Studies of "The Green Book." | |
| 942 |
_2lcc _cbk |
||
| 994 |
_aC0 _bDRFGD |
||
| 999 |
_c32897 _d32897 |
||